Basic of anatomy, physiology & microbiology :for 1st year GNM Students as per Indian Nursing Council Syllabus
Сохранить в:
| Главный автор: | |
|---|---|
| Формат: | |
| Язык: | английский |
| Опубликовано: |
CBS publishers.
2020
|
| Метки: |
Добавить метку
Нет меток, Требуется 1-ая метка записи!
|
MARC
| LEADER | 00000nam a22000007a 4500 | ||
|---|---|---|---|
| 008 | 210915b ||||| |||| 00| 0 eng d | ||
| 020 | |a 9788123915319 | ||
| 100 | |a VENKATESH, D. |a SUDHAKAR, H. H. | ||
| 245 | |a Basic of anatomy, physiology & microbiology |b :for 1st year GNM Students as per Indian Nursing Council Syllabus |c Venkatesh .D. (and) Sudhakar H.H. |g X,369P :ill. | ||
| 260 | |b CBS publishers. |c 2020 |d Book |h New Delhi. |i 697086 |i 697087 |l QP34.5.V55. |m Human Physiology |m Human anatomy |m Medical microbiology |m Diagnostic microbiology | ||
| 500 | |a " It includes index". | ||
| 942 | |a lcc |c BK |e Olagoke, M.A. |f 15/09/2021 | ||
| 952 | |0 0 |1 0 |2 lcc |4 0 |7 0 |9 3567 |a HOL |b ML |c QZ |d 2021-09-15 |o QP 34.5.V55 |p 2021-67300 |r 2021-09-15 00:00:00 |t 697086 |w 2021-09-15 |y BK | ||
| 952 | |0 0 |1 0 |2 lcc |4 0 |7 0 |9 3568 |a HOL |b HOL |c QZ |d 2021-09-15 |o QP 34.5.V55 |p 2021-67301 |r 2021-09-15 00:00:00 |t 697087 |w 2021-09-15 |y BK | ||
| 999 | |c 1767 |d 1767 | ||